000 00502ntaaa2200193 4500
003 01
005 20251027202247.0
008 0714s1973 ag 01
040 _aAR-BaBN
_bspa
_cAR-BaBN
_eaacr
_dRIC
082 _a268.4320 L58
100 _aLewis, Hazel A.
_97167
245 _aPlanning for children in your church
250 _a1 ed.
260 _aSt. Louis :
_bBethany Press,
_cc1947, 1960
300 _a80 p
500 _aPlaneando para los niños en la iglesia
650 _aniños
942 _cBK
999 _c17395
_d17395